000 00421nam a22001697a 4500
003 MPLRDC
005 20220104124222.0
008 210129b ||||| |||| 00| 0 eng d
082 _a870.8 YHDZ-2 v.28
100 _a艾茉莉. 勃朗黛著
245 _a咆哮山庄
_c
260 _a
_b学林书店
_c
300 _b
490 _a英汉对照. 世界文学名著;28
650 _a
942 _cBK
_o870.8 YHDZ-2 v.28
999 _c17582
_d17572